Bioetica: discipline a confronto. (Record n. 211836)
[ formato base ]
| 000 -LEADER | |
|---|---|
| campo di controllo lung. fissa | 01506nam a2200241Ia 4500 |
| 001 - Numero di controllo | |
| campo di controllo | b5324-35377 |
| 003 - Identificatore del numero di controllo | |
| campo di controllo | IT-MiCISF |
| 005 - Data e orario dell'ultima transazione | |
| campo di controllo | 20230301144324.0 |
| 008 - Elementi di lunghezza fissa--Informazione generale | |
| campo di controllo lung. fissa | 161014s9999||||xx |||||||||||||| ||und|| |
| 040 ## - Fonte della catalogazione | |
| Agenzia catalografica originale | IT-MiCISF |
| Agenzia che fa la trascrizione | IT-MiCISF |
| 041 ## - Codice di lingua | |
| Codice di lingua del testo/traccia sonora o titolo separato | it |
| 100 ## - Accesso principale -- nome di persona | |
| Nome di persona | Botti Caterina, Rufo Fabrizio (a cura di) |
| 9 (RLIN) | 59472 |
| 245 #0 - Formulazione del titolo | |
| Titolo | Bioetica: discipline a confronto. |
| Complemento del titolo | Le responsabilità della scienza nella società moderna |
| 260 ## - Pubblicazione, distribuzione, ecc. (stampa) | |
| Luogo di pubblicazione, distribuzione, ecc. | Roma, |
| Nome dell'editore, distributore, ecc. | Ediesse, |
| Data di pubblicazione, distribuzione, ecc. | 2002 |
| 300 ## - Descrizione fisica | |
| Estensione | pp. 286 |
| 500 ## - Nota generale | |
| Nota generale | / bioetica, società, storia, servizi-sanitari, salute, nascita, procreazione-artificiale, clonazione, morte, genetica / |
| 520 ## - Riassunto, ecc. | |
| Nota di riassunto, ecc. | L'avanzamento della ricerca biomedica ha messo a disposizione una serie di nuovi strumenti e pratiche riguardanti la nascita, la morte, la cura. I saggi contenuti in questo volume rielaborano alcune delle lezioni tenute da studiosi provenienti da tutta Italia al Corso di perfezionamento in bioetica dell'Università La Sapienza, che spaziano dai problemi riguardanti i settori più avanzati della ricerca scientifica a quelli più quotidiani, con i quali ci confrontiamo sempre più frequentemente. |
| 650 ## - Accesso aggiunto di soggetto--termine topico | |
| Termine topico o nome geografico come accesso | bioetica |
| Termine di ruolo | 011 |
| 9 (RLIN) | 56169 |
| 654 ## - Accesso aggiunto di soggetto--termini topici faccettati | |
| Termine principale | saggio |
| 700 ## - Accesso aggiunto--nome di persona | |
| Nome di persona | Lecaldano E., Berlinguer G., Neri D., Oliverio A., Rufo F., Figà-Talamanca I., Botti C., Boccia M.L., Balistreri M., Borsellino P., Mitello L., Viafora C., Bartolommei S., Petrozzi M., Nebbia G., Di Mauro E., Spedini G., Conti P., Tagliagambe S. |
| 9 (RLIN) | 59473 |
| 942 ## - Dati aggiuntivi (Koha) | |
| Tipo copia default (Koha) | LIBRO |
| Fonte della classificazione o dello schema di collocazione (segnatura) | Dewey Decimal Classification |
| 999 ## - Sys Number locale (Koha) | |
| Koha Dewey Subclass [OBSOLETE] | si |
| Ritirato (status) | Perso (status) | Danneggiato (status) | Non per il presito | Biblioteca proprietaria | Biblioteca in cui si trova | Data d'acquisizione | Totale prestiti | Collocazione | Data ultima operazione | Prezzo in vigore dal | Tipo copia default (Koha) | Nota pubblica |
|---|---|---|---|---|---|---|---|---|---|---|---|---|
| Buone Condizioni | Not For Loan | CISF - Milano | CISF - Milano | 14/10/2016 | b5324-35377 | 14/10/2016 | 14/10/2016 | LIBRO | Data import 15.10.2016 / by Epidotti, Vaglietti |